000 00250nam a22000977a 4500
008 231218b |||||||| |||| 00| 0 eng d
020 _a9781734822380
100 _aDayton L. Howard
_97742
245 _aGive, Say & Spend
260 _aOrlando, Florida
_c2022
999 _c12526
_d12526